00274nam a2200109Ia 4500008004100000020001800041082001200059100001700071245005400088260001000142500001200152260604s9999 xx 000 0 und d a9781911709916 a970 GRA aGreg grandin 0aAmerica América: A New History of the New World bTorva aHistory